书目信息 |
| 题名: |
甜点盘饰
|
|
| 作者: | ;La Vie编辑部 组编 | |
| 分册: | ||
| 出版信息: | 青岛 青岛出版社 2018 |
|
| 页数: | 237页 | |
| 开本: | 26cm | |
| 丛书名: | 玩美书系 | |
| 单 册: | ||
| 中图分类: | TS972.134 | |
| 科图分类: | ||
| 主题词: | 甜食--制作 | |
| 电子资源: | ||
| ISBN: | 978-7-5552-7868-9 | |
| 000 | 01114oam2 2200265 450 | |
| 001 | 2326808634 | |
| 005 | 20231218175047.23 | |
| 010 | @a978-7-5552-7868-9@dCNY88.00 | |
| 100 | @a20190612d2018 em y0chiy50 ea | |
| 101 | 0 | @achi |
| 102 | @aCN@b370000 | |
| 105 | @aa z 000yy | |
| 200 | 1 | @a甜点盘饰@Atian dian pan shi@dPlated dessert@fLa Vie编辑部组编@zeng |
| 210 | @a青岛@c青岛出版社@d2018 | |
| 215 | @a237页@c照片@d26cm | |
| 225 | 2 | @a玩美书系 |
| 314 | @aLa Vie编辑部,推行设计不遗余力,设计是时尚、是知识、是生活、是娱乐。本设计理想生活的美学实践志,《La Vie》从消费者的需求与欲望出发,指引读者了解、欣赏进而懂得消费彰显个性的好设计,协助读者找到美感的体验、酝酿自己的品味。 | |
| 330 | @a25位甜点主厨示范×105道盘饰风格×1,000张分解步骤图,以灵感为名,以味觉主体为核心,藉空间构图、色彩造型设定,盛盘装饰甜点,从器皿选择、备料、step by step步骤到重点提示,完全掌握运用关键! | |
| 461 | 0 | @12001 @a玩美书系 |
| 510 | 1 | @aPlated dessert@zeng |
| 606 | 0 | @a甜食@x制作 |
| 690 | @aTS972.134@v5 | |
| 711 | 02 | @aLa Vie编辑部@ALa Vie bian ji bu@4组编 |
| 801 | 0 | @aCN@b安徽时代@c20230923 |
| 905 | @aBZT@dTS972.134@e13 | |
| 甜点盘饰=Plated dessert/La Vie编辑部组编.-青岛:青岛出版社,2018 |
| 237页:照片;26cm.-(玩美书系) |
| ISBN 978-7-5552-7868-9:CNY88.00 |
| 25位甜点主厨示范×105道盘饰风格×1,000张分解步骤图,以灵感为名,以味觉主体为核心,藉空间构图、色彩造型设定,盛盘装饰甜点,从器皿选择、备料、step by step步骤到重点提示,完全掌握运用关键! |
| ● |
| 相关链接 |
|
|
|
正题名:甜点盘饰
索取号:TS972.134/13
 
预约/预借
| 序号 | 登录号 | 条形码 | 馆藏地/架位号 | 状态 | 备注 |
| 1 | 2000935609 | 2000935609 | 第四书库/四28架A面1层4列/ [索取号:TS972.134/13] | 在馆 | |
| 2 | 2000935610 | 2000935610 | 第四书库/四28架A面1层4列/ [索取号:TS972.134/13] | 在馆 | |
| 3 | 2000935611 | 2000935611 | 第四书库/四28架A面1层4列/ [索取号:TS972.134/13] | 在馆 | |
| 4 | 2000935612 | 2000935612 | 第四书库/四28架A面1层4列/ [索取号:TS972.134/13] | 在馆 | |
| 5 | 2000935613 | 2000935613 | 第四书库/四28架A面1层4列/ [索取号:TS972.134/13] | 在馆 | |
| 6 | 2000935614 | 2000935614 | 第四书库/四28架A面1层4列/ [索取号:TS972.134/13] | 在馆 |